Statistics for Περιφέρειες της Ελλάδας

Click here to take the quiz!

General Stats

  • This quiz has been taken 588 times
  • The average score is 8 of 13

Answers on the Map

Answers color-coded by a green-red scale on the quiz's map according to % correct below.
 

Answer Stats

Περιφέρεια% Correct
Αττική
89%
Κρήτη
89%
Ανατολική Μακεδονία και Θράκη
87%
Ήπειρος
82%
Θεσσαλία
82%
Στερεά Ελλάδα
76%
Πελοπόννησος
74%
Δυτική Μακεδονία
64%
Δυτική Ελλάδα
47%
Βόρειο Αιγαίο
40%
Ιόνιοι Νήσοι
37%
Κεντρική Μακεδονία
35%
Νότιο Αιγαίο
34%

Score Distribution

Percentile by Number Answered

Percent of People with Each Score

Your Score History

You have not taken this quiz